Normal view MARC view

Entry Topical Term

Number of records used in: 2

001 - CONTROL NUMBER

  • control field: 23959

003 - CONTROL NUMBER IDENTIFIER

  • control field: dpl

005 - DATE AND TIME OF LATEST TRANSACTION

  • control field: 20101026115053.0

008 - FIXED-LENGTH DATA ELEMENTS

  • fixed length control field: 101026|||a|||||| | ||| d

040 ## - CATALOGING SOURCE

  • Original cataloging agency: dpl
  • Transcribing agency: dpl

150 ## - HEADING--TOPICAL TERM

  • Topical term or geographic name as entry element: भारत
  • General subdivision: इतिहास

670 ## - SOURCE DATA FOUND

  • Source citation: Work cat.: (dpl)37734: भण्डारी, सुखसम्पत्तिराय 1497, भारत के देशी राज्य /, 2009

670 ## - SOURCE DATA FOUND

  • Source citation: Work cat.: (dpl)37734: भण्डारी, सुखसम्पत्तिराय 1497, भारत के देशी राज्य /, 2009

© Delhi Public Library
Hit Counter
free hit counter